01465cam a2200397Ma 4500001001300000003000600013005001700019008004100036020001800077020001500095020001800110035005900128040005300187050002100240082001600261100002300277245004000300260003600340300003700376336002600413337002800439338002700467650003000494650004000524650004300564650002900607650002000636650005200656650002700708650005600735650006900791942001200860948003700872952014100909999001701050ocn896700500OCoLC20230301114608.0090907s2009 ii a 000 0 eng d z9788174733973 a8174733973 a9788174733979 a(OCoLC)896700500z(OCoLC)1027870663z(OCoLC)1198546512 aZ5FbengcZ5FdOCLCOdOCLCQdAPUMSdOCLCFdOCLCO 4aRC86.7bP18 200904a610.736 UKD1 aPanda, U. N.9818610aFirst aid for nurses /cU.N. Panda. aNew Delhi :bA.I.T.B.S.,c2009. aviii, 133 pages :billustrations atextbtxt2rdacontent aunmediatedbn2rdamedia avolumebnc2rdacarrier 0aEmergency nursing.914496 0aEmergency treatment nursing.914497 0aFirst aid in illness and injury.94718 2aEmergency Nursing914498 2aFirst Aid95177 6aSoins infirmiers en situation d'urgence.914499 6aPremiers soins.914500 7aEmergency nursing.2fast0(OCoLC)fst00908627914496 7aFirst aid in illness and injury.2fast0(OCoLC)fst0092574794718 2lcccBK hHELD BY GHUCC - 2 OTHER HOLDINGS 001040708OPENaUCCMLbUCCMLcSFEWd2023-03-01l3oRC86.7.P18p30261101259572r2024-04-10 10:41:21s2024-03-04w2023-03-01yBKA259864 c42922d42922